1978 1839 1306 1102 1720 1817 1234 1284 1356 1710 1258 1102 1604 1268 1816 1272 1865 1638 1130 1650 1268 1099 1593 1346 1130 1877 1006 1151 1776 1877 1229 1385 1260 1265 1765 1240 1380 1536 1722 1923 1938 1241 1778 1554 1813 1144 1580 1135 1554 1230 1315 1351 1810 1669 1768 1384 1390 1649 1018 1721 1633 1873 1396 1053 1409 1267 1756 1421 1505 1097 1681 1978 1106 1239 1829 1956 1826 1676 1837 1171 1014 1970 1057 1334 1480 1834 1913 1232 1438 1143 1431 1730 1928 1478 1135 1008 1088 1919 1369 BCNSPRNW ULIB Ver.6.0+V

เปลี่ยนเป็นภาษาไทย

Change to English
 แสดงรายละเอียดบรรณานุกรม
  กลับหน้าหลัก

Brief Record : Get Marc (ISO 2709) : E-mail record : QR code < ปิดหน้าต่าง
LEADER : 00000nam 2200000uu 4500
001    13399127443
003     ULIB
008    200525s2018||||th 000 0 tha d
020    ^a9780702074011 (pbk.)
060 04 ^aWM100^bO98S
100 1  ^aOyebode, Femi
245 10 ^aSims symptoms in the mind : Textbook ofdescriptive psychopathology /^cFemi Oyebode
246 30 ^aSymptoms in the mind
250    ^a6th ed.
260    ^aNew York :^bELSEVIER,^c2018
300    ^axi, 336 p. :^bill. ;^c25 cm.
650  0 ^aPsychology, Pathological
650  2 ^aPsychopathology^xmethods
650  2 ^aMental Disorders^xpsychology
700 1  ^aSims, A. C. P.^tSymptoms in the mind
945    ^p0^l0^i28323
999    ^aกัณชพร จุลอักษร
รายการนี้ยังไม่มีแท็ก
คุณยังไม่ได้ล็อกอิน คุณสามารถมีกิจกรรมร่วมกับเว็บไซต์ได้ แต่ต้องล็อกอินก่อน ::
  ล็อกอิน

รายการสื่อสารสนเทศ

ลำดับที่ ประเภท เลขเรียก/บาร์โค้ด สถานที่ สถานะ
1. หนังสือสำรอง
หนังสือสำรอง
WM100 O98S ฉ.1 
  Barcode: 28323
ห้องสมุดวิทยาเขตนครสวรรค์
►หนังสือทั่วไป:l:General Books
บนชั้น

รายการใกล้เคียง
    ผู้แต่ง [Oyebode, Femi]

    หัวเรื่อง [Psychology, Pathological]

BibComment


ยังไม่เคยถูกคอมเมนท์

คอมเมนท์ทรัพยากรรายการนี้
  คอมเมนท์: Sims symptoms in..


 Copyright 2026. Bcnsprnw @Library